000 00651nam a2200205 i 4500
001 77318
003 ES-MaACL
005 20250805054834.0
007 t|
008 041008s1968 sp ||||1| spa d
100 1 _aHabsburg, Otto.
_961382
245 1 0 _aCarlos Quinto /
_cOtto de Habsburgo ; [traducción, María Teresa Arranz].
246 3 _aCarlos V
260 _a[Madrid] :
_bEpesa [Ediciones y Publicaciones Españolas],
_c[1968]
300 _a339 p. ;
_c22 cm.
600 0 4 _aCarlos
_bI,
_cRey de España-
_xBiografías
_935297
700 1 _aArranz, María Teresa.
_923218
852 _aES-MaACL
_jC-34578
999 _c77318
_d77318